| 000 -CABECERA |
| Longitud fija campo de control |
00567nam a2200181 a 4500 |
| 001 - NÚMERO DE CONTROL |
| Número de control |
2882 |
| 003 - IDENTIFICADOR DEL NÚMERO DE CONTROL |
| Identificador del número de control |
CDMR |
| 005 - FECHA Y HORA DE LA ÚLTIMA TRANSACCIÓN |
| Fecha y hora de la última transacción |
20131010110747.0 |
| 008 - CÓDIGOS DE INFORMACIÓN DE LONGITUD FIJA |
| Códigos de información de longitud fija |
130130s2002||||||||||||||||||||||||||||d |
| 020 ## - NÚMERO INTERNACIONAL NORMALIZADO PARA LIBROS |
| Número Internacional Normalizado para Libros (ISBN) |
8439357923 |
| 040 ## - FUENTE DE LA CATALOGACIÓN |
| Centro catalogador de origen |
CDMR |
| Lengua de catalogación |
cat |
| Centro transcriptor |
CDMR |
| 100 1# - PUNTO DE ACCESO PRINCIPAL-NOMBRE DE PERSONA |
| Nombre de persona |
Aymerich, Pilar |
| 9 (RLIN) |
2104 |
| 245 10 - MENCIÓN DE TÍTULO |
| Título |
Mercè Rodoreda |
| Resto del título |
: un retrat |
| Mención de responsabilidad, etc. |
Pilar Aymerich, Marta Pessarrodona |
| 260 ## - PUBLICACIÓN, DISTRIBUCIÓN, ETC. (PIE DE IMPRENTA) |
| Lugar de publicación, distribución, etc. |
Barcelona |
| Fecha de publicación, distribución, etc. |
2002 |
| Nombre del editor, distribuidor, etc. |
Generalitat de Catalunya. Institut Català de la Dona |
| 600 1# - PUNTO DE ACCESO ADICIONAL DE MATERIA - NOMBRE DE PERSONA |
| 9 (RLIN) |
2110 |
| Nombre de persona |
Rodoreda, Mercè |
| Subdivisión de materia general (R ) |
Crítica i interpretació |
| 700 1# - PUNTO DE ACCESO ADICIONAL - NOMBRE DE PERSONA |
| 9 (RLIN) |
2111 |
| Nombre de persona |
Pessarrodona, Marta |
| 942 ## - ENTRADA DE ELEMENTOS AGREGADOS (KOHA) |
| Koha [por defecto] tipo de item |
Monografies |
| Fuente de clasificaión o esquema |
|